Report of the working group eighth five year plan (1990-95) : electronics industry (Record no. 499263)

000 -LEADER
fixed length control field 00396cam a22001097a 4500
008 - FIXED-LENGTH DATA ELEMENTS--GENERAL INFORMATION
fixed length control field 180718b1989 xxu||||| |||| 00| 0 eng d
082 ## - DEWEY DECIMAL CLASSIFICATION NUMBER
Classification number YA5375x54 In2w
245 ## - TITLE STATEMENT
Title Report of the working group eighth five year plan (1990-95) : electronics industry
Statement of responsibility, etc. by Department of Electronics, India
260 ## - PUBLICATION, DISTRIBUTION, ETC.
Place of publication, distribution, etc.
Name of publisher, distributor, etc. Department of Electronics
Date of publication, distribution, etc. 1989
300 ## - PHYSICAL DESCRIPTION
Extent 179p.
700 ## - ADDED ENTRY--PERSONAL NAME
Personal name India.Department of Electronics
Holdings
Withdrawn status Lost status Damaged status Not for loan Permanent Location Current Location Date acquired Full call number Barcode Date last seen Price effective from Koha item type
        Indian Institute of Public Administration Indian Institute of Public Administration 2018-08-04 YA5375x54 In2w GG21229 2018-08-04 2018-08-04 GG

Powered by Koha